| 000 | 00498nam a2200157 i 4500 | ||
|---|---|---|---|
| 001 | 129037 | ||
| 003 | ES-MaACL | ||
| 005 | 20230906193427.0 | ||
| 007 | t| | ||
| 008 | 070605s1930 it ||||1| ita d | ||
| 100 | 1 |
_aTedesco-Zammarano, Vittorio. _9109511 |
|
| 245 | 1 | 3 |
_aLe colonie italiane di diretto dominio _b: fauna e caccia / _ca cura di Vittorio Tedesco Zammarano. |
| 260 |
_aRoma : _b[s.n.], _c1930 ( _fArti Grafiche) |
||
| 300 |
_a222 p. ; _c22 cm. |
||
| 852 |
_aES-MaACL _jA-4830 _bR.16661 |
||
| 999 |
_c129037 _d129037 |
||